zpět

Detail výsledku týmu

Klub Tyjátr, Svitavy

Datum a čas kvízu

30 Celkem bodů Celkový počet nahraných bodů na tomto kvízu bez doplňovacích otázek.
5. Pořadí na kvízu Konečné umístění týmu na tomto kvízu.

Zaznamenané odpovědi

# Otázka Odpověď Body Výsledky
1. Část ulice u ruského velvyslan... Ukrajinských hrdinů 0
2. Minulý týden proběhla médii zp... v Benátkách 1
3. Který český „mistr basů“ oslav... Karel Vágner 1
4. Jeden český státní podnik, kte... České dráhy 1
5. Jedna z nejlepších tenistek so... Ashleigh Bartyová 1
6. Budeme se zabývat pěti filmy,... Elijah Wood, Pán prstenů: Dvě věže 1
7. Snímek Pan Jones z roku 2019 v... Agnieszka Holland 0
8. Paní Wilberforceová je výstřed... Lupiči paní domácí 1
9. Satirická komedie Zdeňka Podsk... C) Irena Kačírková 1
10. V roce 2009 vznikl animovaný f... Lišák 0